| Tag |
First Indicator |
Second Indicator |
Subfields |
| LEADER |
00000cam a2200000 i 4500 |
| 001 |
in00005770002 |
| 005 |
20260327172722.8 |
| 006 |
m o d |
| 007 |
cr |n||||||||| |
| 008 |
980928t19871987caua ob 001 0 eng d |
| 040 |
|
|
|a COA
|b eng
|e rda
|c COA
|d OCLCF
|d OCLCQ
|d OCLCO
|d OCLCQ
|d E7B
|d UBY
|d OPELS
|d DEBSZ
|d LEAUB
|d S2H
|d OCLCL
|d COR
|
| 019 |
|
|
|a 505075611
|a 646758021
|
| 020 |
|
|
|a 9780123645098
|
| 020 |
|
|
|a 0123645093
|
| 024 |
8 |
|
|a (WaSeSS)ssj0000339198
|
| 035 |
|
|
|a (OCoLC)1340048997
|z (OCoLC)505075611
|z (OCoLC)646758021
|
| 050 |
1 |
4 |
|a QH573
|b .I5109 1987eb
|
| 082 |
0 |
4 |
|a 571.6
|2 23
|
| 049 |
|
|
|a TXAM
|
| 130 |
0 |
|
|a International review of cytology.
|n Volume 109 (Online)
|
| 245 |
1 |
0 |
|a International review of cytology :
|b a survey of cell biology.
|n Volume 109 /
|c edited by G. H. Bourne.
|
| 264 |
|
1 |
|a San Diego ;
|a London :
|b Academic Press,
|c [1987]
|
| 264 |
|
4 |
|c ©1987.
|
| 300 |
|
|
|a 1 online resource (vii, 348 pages :)
|b illustrations.
|
| 336 |
|
|
|a text
|b txt
|2 rdacontent
|
| 337 |
|
|
|a computer
|b c
|2 rdamedia
|
| 338 |
|
|
|a online resource
|b cr
|2 rdacarrier
|
| 347 |
|
|
|a text file
|2 rdaft
|0 http://rdaregistry.info/termList/fileType/1002.
|
| 490 |
1 |
|
|a International review of cytology ;
|v v. 109.
|
| 504 |
|
|
|a Includes bibliographical references and index.
|
| 650 |
|
0 |
|a Cytology.
|
| 650 |
|
0 |
|a Genes.
|
| 650 |
|
6 |
|a Cytologie.
|
| 650 |
|
6 |
|a Gènes.
|
| 650 |
|
7 |
|a Cytology
|2 fast
|
| 650 |
|
7 |
|a Genes
|2 fast
|
| 655 |
|
7 |
|a Electronic books.
|2 local
|
| 700 |
1 |
|
|a Bourne, Geoffrey H.
|q (Geoffrey Howard),
|d 1909-1988.
|
| 710 |
2 |
|
|a ScienceDirect (Online service)
|
| 830 |
|
0 |
|a International review of cytology ;
|v v. 109.
|
| 856 |
4 |
0 |
|u http://proxy.library.tamu.edu/login?url=https://www.sciencedirect.com/science/bookseries/00747696/109
|z Connect to the full text of this electronic book
|t 0
|
| 936 |
|
|
|a BATCHLOAD
|
| 955 |
|
|
|a Elsevier ScienceDirect 2026-2027
|
| 994 |
|
|
|a 92
|b TXA
|
| 999 |
f |
f |
|i 2e917305-87c4-4670-8bc6-18806cae69eb
|s f528c651-d49d-44fa-a038-0e759f8de642
|t 0
|
| 952 |
f |
f |
|a Texas A&M University
|b College Station
|c Electronic Resources
|s www_evans
|d Available Online
|t 0
|e QH573 .I5109 1987eb
|h Library of Congress classification
|
| 998 |
f |
f |
|a QH573 .I5109 1987eb
|t 0
|l Available Online
|